| 000 | 02246nam0a2200361 4500 | ||
|---|---|---|---|
| 001 | RU\NLR\BIBL_A\022285444 | ||
| 005 | 20250219165727.0 | ||
| 010 |
_a978-5-7882-3205-8 _9400 |
||
| 021 |
_aRU _bКН-П-24-034856 _9КН-П-24-3517 |
||
| 035 | _a(NLR Aleph) 022285444 | ||
| 090 |
_a13323620 _c13323620 |
||
| 100 | _a20240726d2022 k y0rusy50 ca | ||
| 101 | 0 | _arus | |
| 102 | _aRU | ||
| 105 | _aa z 000yy | ||
| 181 | 0 |
_ai3 _baxxe |
|
| 182 | 0 | _an | |
| 200 | 1 |
_aУниверсальные вычислительные экспресс-методы для создания искусственной нейронной сети сложного объекта и инновационного программного модуля на ее основе _eмонография _fА. Р. Мухутдинов, М. Г. Ефимов _gМинистерство науки и высшего образования Российской Федерации, Казанский национальный исследовательский технологический университет |
|
| 203 |
_aТекст _bвизуальный _cнепосредственный |
||
| 210 |
_aКазань _cИзд-во КНИТУ _d2022 |
||
| 215 |
_a161, [1] с. _cил., табл. _d21 |
||
| 300 | _aНа 4-й с. обл. 1-й авт.: Мухутдинов А. Р., д-р техн. наук, проф. | ||
| 320 | _aБиблиогр.: с. 116-126 (107 назв.) | ||
| 606 | 1 |
_aИскусственные нейронные сети _xМатематическое моделирование _91652650 _3RU\NLR\AUTH\66731553 |
|
| 606 | 1 |
_aТехнические системы сложные _xПроектирование _xИскусственных нейронных сетей методы _92662228 _3RU\NLR\AUTH\6601750255 |
|
| 686 | 1 | _aЗ817-02 | |
| 686 | 1 | _aЗ818-02 | |
| 700 | 1 |
_aМухутдинов _bА. Р. _gАглям Рашидович |
|
| 701 | 1 |
_7ca _8rus _aЕфимов _bМ. Г. _cпреподаватель, горное дело, взрывные работы _gМаксим Геннадьевич _9264808 _3RU\NLR\AUTH\770264864 |
|
| 942 | _cBOOK | ||
| 980 | _aNB | ||